Arco iris de la paz cuya cuerda es la consideración y meditación para rezar el santísimo Rosario de Nuestra Señora /

I tiakina i:
Ngā taipitopito rārangi puna kōrero
Kaituhi matua: Santa María y Ulloa, Pedro de (autor)
Hōputu: Pukapuka
Reo:Pāniora
Ngā marau:
Ngā Tūtohu: Tāpirihia he Tūtohu
Kāore He Tūtohu, Me noho koe te mea tuatahi ki te tūtohu i tēnei pūkete!

MARC

LEADER 00000nam^a2200000^a^4500
001 000122551
005 20250526000000.0
009 20260310094506.636
037 |a Acervo ITESO - Biblioteca 
041 |a ESP 
082 |a 242. 74  |b SAN 
100 |a Santa María y Ulloa, Pedro de,  |e (autor) 
245 1 0 |a Arco iris de la paz cuya cuerda es la consideración y meditación para rezar el santísimo Rosario de Nuestra Señora /  |c Fray P. de Santa María y Ulloa. 
264 |a México :  |b Librería de Ch. Bouret,  |c 1885 
300 |a 592 p. ;  |c 19.5 cm. 
336 |a texto  |b txt  |2 rdacontenido 
337 |a sin mediación  |b n  |2 rdamedio 
338 |a volumen  |b nc  |2 rdasoporte 
649 |a XX 
650 |a Rosario -  |x Meditaciones -  |x Tema Principal 
650 |a Meditación 
650 |a Oración (Religión) 
650 |a Plegarias 
650 |a Vida Cristiana 
650 |a Vida Espiritual 
650 |a Virgen María -  |x Culto 
650 |a Culto Religioso 
650 |a Catolicismo 
650 |a Cristianismo 
650 |a Religión 
910 |a Fondo General 
920 |a Impresos - Libros 
930 |a Libros Antiguos y Raros 
905 |a 108 
901 |a 0500057681  |b IT2  |c LRA  |u 20250526 
902 |a https://opac.biblio.iteso.mx/vufind/Record/000122551